| 000 | 00371cam a22001097a 4500 | ||
|---|---|---|---|
| 008 | 180718b1975 xxu||||| |||| 00| 0 eng d | ||
| 082 | _aF5x54 In2p | ||
| 245 |
_aPrime Minister Indira Gandhi on emergency in India _cby Ministry of External Affairs |
||
| 260 |
_aNew Delhi _bMinistry of External Affairs _c1975 |
||
| 300 | _a28p. | ||
| 700 | _aIndia. Ministry of External Affairs | ||
| 999 |
_c490564 _d490564 |
||